An Anthology of Love and other Societal Happenings: African Poetry from the soul of a Kenyan Poet/ (Record no. 4267)
| 000 -LEADER | |
|---|---|
| fixed length control field | 00440nam a22001457a 4500 |
| 003 - CONTROL NUMBER IDENTIFIER | |
| control field | OSt |
| 005 - DATE AND TIME OF LATEST TRANSACTION | |
| control field | 20210611103342.0 |
| 008 - FIXED-LENGTH DATA ELEMENTS--GENERAL INFORMATION | |
| fixed length control field | 210611b xxu||||| |||| 00| 0 eng d |
| 050 ## - LIBRARY OF CONGRESS CALL NUMBER | |
| Classification number | PN6071.O85 2021 |
| 100 ## - MAIN ENTRY--PERSONAL NAME | |
| Personal name | Otipah, W. Nehemiah |
| 245 ## - TITLE STATEMENT | |
| Title | An Anthology of Love and other Societal Happenings: African Poetry from the soul of a Kenyan Poet/ |
| Statement of responsibility, etc | Nehemiah W. Otipah |
| 260 ## - PUBLICATION, DISTRIBUTION, ETC. (IMPRINT) | |
| Place of publication, distribution, etc | Nairobi |
| Name of publisher, distributor, etc | Rinny |
| Date of publication, distribution, etc | 2021 |
| 300 ## - PHYSICAL DESCRIPTION | |
| Extent | vii, 66p |
| 942 ## - ADDED ENTRY ELEMENTS (KOHA) | |
| Source of classification or shelving scheme | |
| Koha item type | Book |
| Withdrawn status | Lost status | Source of classification or shelving scheme | Damaged status | Not for loan | Home library | Current library | Shelving location | Date acquired | Total Checkouts | Full call number | Barcode | Date last seen | Date checked out | Copy number | Price effective from | Koha item type |
|---|---|---|---|---|---|---|---|---|---|---|---|---|---|---|---|---|
| Riara University Library | Riara University Library | General stack | 11/06/2021 | 3 | PN6071.O85 2021 | 10500/21 | 15/09/2021 | 02/08/2021 | C.1 | 11/06/2021 | Book | |||||
| Riara University Library | Riara University Library | General stack | 15/07/2021 | 1 | PN6071.O85 2021 | 10513/21 | 19/10/2021 | 01/09/2021 | C.5 | 15/07/2021 | Book |
